Detalles MARC
| 000 -LEADER |
| fixed length control field |
01862nam a2200445Ii 4500 |
| 001 - CONTROL NUMBER |
| control field |
DIGBIBDIG086 |
| 003 - CONTROL NUMBER IDENTIFIER |
| control field |
NyNyDIG |
| 006 - FIXED-LENGTH DATA ELEMENTS--ADDITIONAL MATERIAL CHARACTERISTICS |
| fixed length control field |
m o d |
| 007 - PHYSICAL DESCRIPTION FIXED FIELD--GENERAL INFORMATION |
| fixed length control field |
cr ||||||||||| |
| 008 - FIXED-LENGTH DATA ELEMENTS--GENERAL INFORMATION |
| fixed length control field |
161111t20122012fr o 000 0 spa d |
| 020 ## - INTERNATIONAL STANDARD BOOK NUMBER |
| International Standard Book Number |
9791021304772 |
| Qualifying information |
(eBook ; |
| -- |
ePub) |
| 040 ## - CATALOGING SOURCE |
| Original cataloging agency |
DGITA |
| Language of cataloging |
eng |
| Description conventions |
rda |
| -- |
pn |
| Transcribing agency |
DGITA |
| 043 ## - GEOGRAPHIC AREA CODE |
| Geographic area code |
f-mr--- |
| -- |
e-sp--- |
| 050 14 - LIBRARY OF CONGRESS CALL NUMBER |
| Classification number |
PQ6512.C149 ebook |
| 100 1# - MAIN ENTRY--PERSONAL NAME |
| Personal name |
Cánovas del Castillo, Antonio, |
| Dates associated with a name |
1828-1897, |
| Relator term |
author. |
| 240 10 - UNIFORM TITLE |
| Uniform title |
Works. |
| Form subheading |
Selections. |
| Date of a work |
2012 |
| 245 10 - TITLE STATEMENT |
| Title |
Obras / |
| Statement of responsibility, etc. |
Antonio Cánovas del Castillo. |
| 264 #1 - PRODUCTION, PUBLICATION, DISTRIBUTION, MANUFACTURE, AND COPYRIGHT NOTICE |
| Place of production, publication, distribution, manufacture |
[Paris?] : |
| Name of producer, publisher, distributor, manufacturer |
Ediciones la Biblioteca Digital, |
| Date of production, publication, distribution, manufacture, or copyright notice |
[2012?] |
| 264 #4 - PRODUCTION, PUBLICATION, DISTRIBUTION, MANUFACTURE, AND COPYRIGHT NOTICE |
| Date of production, publication, distribution, manufacture, or copyright notice |
©2012 |
| 300 ## - PHYSICAL DESCRIPTION |
| Extent |
1 online resource |
| 336 ## - CONTENT TYPE |
| Content type term |
text |
| Content type code |
txt |
| Source |
rdacontent |
| 337 ## - MEDIA TYPE |
| Media type term |
computer |
| Media type code |
c |
| Source |
rdamedia |
| 338 ## - CARRIER TYPE |
| Carrier type term |
online resource |
| Carrier type code |
cr |
| Source |
rdacarrier |
| 505 0# - FORMATTED CONTENTS NOTE |
| Formatted contents note |
La campana de Huesca (1854) -- Apuntes para la historia de Marruecos (1860) -- Constitución Española de 1876 (1876). |
| 588 0# - SOURCE OF DESCRIPTION NOTE |
| Source of description note |
Online resource; title from ePub title page (Digitalia, viewed November 21, 2016) |
| 600 00 - SUBJECT ADDED ENTRY--PERSONAL NAME |
| Personal name |
Ramiro |
| Numeration |
II, |
| Titles and other words associated with a name |
King of Aragon, |
| Dates associated with a name |
-1154 |
| General subdivision |
Fiction. |
| 650 #0 - SUBJECT ADDED ENTRY--TOPICAL TERM |
| Topical term or geographic name entry element |
Constitutions |
| Geographic subdivision |
Spain |
| Chronological subdivision |
1876. |
| 651 #0 - SUBJECT ADDED ENTRY--GEOGRAPHIC NAME |
| Geographic name |
Morocco |
| General subdivision |
History |
| Chronological subdivision |
1516-1830. |
| 651 #0 - SUBJECT ADDED ENTRY--GEOGRAPHIC NAME |
| Geographic name |
Morocco |
| General subdivision |
History |
| Chronological subdivision |
19th century. |
| 651 #0 - SUBJECT ADDED ENTRY--GEOGRAPHIC NAME |
| Geographic name |
Spain |
| General subdivision |
Foreign relations |
| Geographic subdivision |
Morocco. |
| 651 #0 - SUBJECT ADDED ENTRY--GEOGRAPHIC NAME |
| Geographic name |
Morocco |
| General subdivision |
Foreign relations |
| Geographic subdivision |
Spain. |
| 655 #0 - INDEX TERM--GENRE/FORM |
| Genre/form data or focus term |
Electronic books. |
| 700 02 - ADDED ENTRY--PERSONAL NAME |
| Relationship information |
Container of (work): |
| Personal name |
Cánovas del Castillo, Antonio, |
| Dates associated with a name |
1828-1897. |
| Title of a work |
Apuntes para la historia de Marruecos. |
| Date of a work |
1860. |
| 700 02 - ADDED ENTRY--PERSONAL NAME |
| Relationship information |
Container of (work): |
| Personal name |
Cánovas del Castillo, Antonio, |
| Dates associated with a name |
1828-1897. |
| Title of a work |
Campana de Huesca. |
| Date of a work |
1854. |
| 791 2# - |
| -- |
Digitalia (Firm), |
| -- |
distributor. |
| 793 0# - |
| -- |
Digitalia eBook Collection: |
| -- |
Ediciones La Biblioteca Digital |
| 856 40 - ELECTRONIC LOCATION AND ACCESS |
| Materials specified |
Digitalia Hispánica |
| Uniform Resource Identifier |
<a href="https://www.digitaliapublishing.com/a/26241">https://www.digitaliapublishing.com/a/26241</a> |
| 910 ## - USER-OPTION DATA (OCLC) |
| User-option data |
Premium Collection: 2016 |
| 942 ## - ADDED ENTRY ELEMENTS (KOHA) |
| Koha item type |
Recurso Electrónico |